2025 Lionesses Team - Statistics

General Stats
  • This quiz has been taken 86 times
  • The average score is 21 of 24
Answer Stats
Picture Answer % Correct
Alex Greenwood
97%
Hannah Hampton
97%
Chloe Kelly
95%
Ella Toone
95%
Leah Williamson
95%
Alessia Russo
94%
Georgia Stanway
94%
Lauren James
94%
Lucy Bronze
94%
Beth Mead
91%
Grace Clinton
91%
Jess Carter
91%
Lauren Hemp
91%
Keira Walsh
89%
Niamh Charles
88%
Aggie Beever Jones
86%
Sarina Wiegman
86%
Esme Morgan
85%
Jessica Park
85%
Lotte Wubben-Moy
83%
Maya Le Tissier
82%
Michelle Agyemang
78%
Khiara Keating
77%
Anna Moorhouse
75%
No matching quizzes found
Score Distribution
Percent of People with Each Score
Percentile by Number Answered
Your Score History
You have not taken this quiz